000 00295nam a22001337a 4500
003 MPLRDC
005 20220104184704.0
008 210129b ||||| |||| 00| 0 eng d
082 _aDISC
100 _a杨澜编
245 _a天下女人--1 DISC
_c
650 _a专访
942 _cCDA
_oDISC
999 _c62980
_d62970